000 00775nam a2200253Ia 4500
003 OSt
005 20220928125011.0
006 a|||||r|||| 00| 0
007 ta
008 220927b |||||||| |||| 00| 0 eng d
020 _c9142.2000000000007
024 _a127756
037 _b1498, 01/12/2015, The Book Seller
_cTextual
040 _aSDCL
_cSDCL
_beng
041 _2eng
_aeng
082 _aS65, Q5
100 _aHunter Ben
_9467509
245 0 _aWhite-collar offenders and desistance from crime
_b Future selves and the constancy of change
260 _aLodon
_bRoutledge
_c2015
300 _axvi;210p.
_ccm.
650 _aApp Psychology
942 _hS65, Q5
_cTEXL
_2CC
999 _c780368
_d780368